00397nam a2200133Ia 4500008004000000020001800040082001700058100002500075245006100100250000500161260004500166300001200211650004000223210210b2000 xxu||||| |||| 00| 0 eng d a81 7515 322 9 a378.002 MASB aMascetta (Joseph A). aBarron's how to prepare for the SAT II: chemistry. Ed 6. a aNew Delhhi.bGalgotia Publishers.,c2000 axiv,352 aSAT II Chemistry SAT SAT chemistr